| 000 | 00490nam a2200169Ia 4500 | ||
|---|---|---|---|
| 003 | OSt | ||
| 005 | 20200724102916.0 | ||
| 008 | 190216s9999||||xx |||||||||||||| ||und|| | ||
| 040 | _coclc | ||
| 082 |
_a517.52 _bGOL/M |
||
| 100 |
_aGoldberg, Richard R _93719 |
||
| 245 | 0 |
_aMethods Of Real Analysis / _cRichard R Goldberg |
|
| 260 |
_bOxford & I B H, _c1978. _aNew Delhi: |
||
| 300 | _a359p | ||
| 650 | _aMathematics | ||
| 942 |
_cBK _2ddc _h517.52 _iGOL/M _k517.52 _mGOL/M |
||
| 999 |
_c30670 _d30670 |
||